000 00737nam a2200241 i 4500
003 DO-SdBNP
005 20230925150710.0
007 ta
008 140217s2000 dr 000 0 spa d
040 _aDO-SdBNP
_bspa
_cBNPHU
_erda
082 _bR426
_222
110 _aRepública Dominicana
_9447
240 1 0 _a[leyes,etc.]
245 1 0 _aLey 114-99 :
_bque modifica y amplía la Ley No. 241 sobre transito de vehículos de motor /
264 1 _aSanto Domingo :
_b[editor no identificado],
_c2000.
300 _a15 páginas
_c21 cm.
336 _2rdacontent
_atexto
_btxt
337 _2rdamedia
_asin mediación
_bn
338 _2rdacarrier
_avolumen
_bnc
590 _aInventariado, 2023/ YL
910 _aYLockward
942 _2ddc
_cLF2
999 _c54930
_d54930